Rossija 2013 statističeskij spravočnik

Salvato in:
Dettagli Bibliografici
Natura: Libro
Lingua:russo
Pubblicazione: Moskva Federaľnaja služba gosudarstvennoj statistiki (Rosstat) 2013
Soggetti:
Tags: Aggiungi Tag
Nessun Tag, puoi essere il primo ad aggiungerne!!

MARC

LEADER 00000nam a2200000 4500
001 0176550
005 20230113124258.6
020 |a 978-5-89476-354-5 
041 0 |a rus 
044 |a RU 
245 1 0 |a Rossija 2013  |b statističeskij spravočnik 
264 1 |a Moskva  |b Federaľnaja služba gosudarstvennoj statistiki (Rosstat)  |c 2013 
300 |a 62 s. 
610 2 0 |a údaje štatistické 
610 2 0 |a mestá 
610 2 0 |a regióny 
610 2 0 |a obyvateľstvo 
610 2 0 |a úroveň životná 
610 2 0 |a priemysel 
610 2 0 |a poľnohospodárstvo 
610 2 0 |a doprava 
610 2 0 |a financie 
610 2 0 |a investície 
610 2 0 |a ceny 
610 2 0 |a obchod zahraničný 
610 2 0 |a ukazovatele sociálne 
610 2 0 |a ukazovatele ekonomické 
610 2 0 |a Rusko 
610 2 0 |a 2013